000 02222nam a22003254i 4500
003 PE-LiUPU
005 20260219092517.0
008 160000s2016 ag a b 000 0 spa d
020 _a9789877015447
040 _aPE-LiUPU
_bspa
_cPE-LiUPU
_erda
041 1 _aspa
_heng
082 0 4 _a286.73251
_bB725c
_223
100 1 _aBooth, Bradley,
_eautor.
_98105
245 1 0 _aCadenas en China /
_cBradley Booth.
250 _aPrimera edición.
264 1 _aFlorida :
_bAsociación Casa Editora Sudamericana,
_c2016.
300 _a152 páginas :
_bilustraciones ;
_c21 cm
336 _atext
_2rdacontent
337 _aunmediated
_2rdamedia
338 _avolume
_2rdacarrier
500 _aTítulo original: Chains in China.
520 _aEncarcelado por su fe, el Pastor Chen sufrió pruebas increíbles por Dios en la China comunista.
_bChen era adventista del séptimo día, y lo había sido toda su vida; se esperaba que los adventistas fueran leales a su país y a su Dios. Los principios de la Biblia no alientan a los cristianos a que sean cobardes, que se escapen o se oculten. No obstante, portar armas con la intención de matar y no poder observar el sábado son problemas que los adventistas enfrentan en el ejército, y Chen sabía que no tendría escapatoria para lo uno ni para lo otro. Se supone que un soldado, al alistarse, se compromete a obedecer a su comandante. ¿Estaba Chen dispuesto a portar un arma y usarla para matar? Esa era una pregunta muy fácil de responder para un no cristiano, pero para un adventista del séptimo día era algo muy diferente. Chen sabía que estaba sobre la Tierra para salvar vidas, no para destruirlas. Este libro nos presenta la inspiradora historia de fe y valor de un hijo de Dios que, en la China comunista, decidió ser fiel a Dios “aunque se desplomen los cielos”
650 1 4 _aAdventistas del Séptimo Día
_zChina
650 2 4 _aPersecución religiosa
_zChina
_ySiglo XX
_98161
700 _aPepe, Gabriela S.,
_edirectora.
_98106
700 1 _aItin, Rolando A.,
_etraductor.
710 2 _aAsociación Casa Editora Sudamericana,
_eeditor.
942 _2ddc
_cBK
980 _618228
_aRebeca Esther Huerta Leyton
_818226
_gJaime Vilcazán Jefe de Análisis Documental
999 _c63307
_d63306